Десятилетний опыт проведения молодёжной олимпиады-викторины "Подвиг молодёжи по спасению Родины в Великой Отечественной войне 1941-1945 гг"; Наследники победы

Podrobná bibliografie
Parent link:Наследники победы.— 2005.— С. 62-65.
Hlavní autor: Соколова М. Мария
Jazyk:ruština
Vydáno: 2005
Témata:
Médium: MixedMaterials Kapitola
KOHA link:https://koha.lib.tpu.ru/cgi-bin/koha/opac-detail.pl?biblionumber=77820

MARC

LEADER 00000naa2a2200000 4500
001 77820
005 20231031093432.0
035 |a (RuTPU)RU\TPU\book\83422 
090 |a 77820 
100 |a 20050530d2005 k y0rusy50 ca 
101 0 |a rus 
102 |a RU 
200 1 |a Десятилетний опыт проведения молодёжной олимпиады-викторины "Подвиг молодёжи по спасению Родины в Великой Отечественной войне 1941-1945 гг"  |f М. Соколова 
318 |5 63413507  |a Подвиг молодежи  |b выставка 
463 0 |0 (RuTPU)RU\TPU\book\82862  |y 5-98298-1  |t Наследники победы  |o материалы III окружной научно-практической конференции, посвященной 60-летию Победы  |o 29 марта 2005 г.  |f Томский политехнический университет  |v С. 62-65.  |d 2005  |p 88 с. 
610 1 |a проведение олимпиад 
610 1 |a викторины 
610 1 |a молодёжь 
610 1 |a Великая Отечественная война 1941-1945 
610 1 |a студенты 
610 1 |a Томский политехнический университет 
610 1 |a труды учёных ТПУ 
700 1 |a Соколова  |b М.  |g Мария 
801 1 |a RU  |b 63413507  |c 20050530  |g PSBO 
801 2 |a RU  |b 63413507  |c 20080226  |g PSBO 
942 |c BK